01987 a2200193 45000010006000000050017000060080041000230030015000640400040000790800022001192450036001412500011001772640080001883000029002685051419002971000037017167000017017537000023017702819820260407155554.0260407a1963 arg spa dAR-UNSa-BCEJYS aAR-UNSa-BCEJYSbspacAR-UNSa-BCEJYS a657xContabilidad10aCurso de contabilidadpSuperior a2a. ed 1aMéxico :bUnión Tipográfica Editorial Hispano-Americana (UTEHA)c1963 a2v.(867; 546 p.)c23 cm. aVol. I: Teoria y preguntas y problemas: 1. Sociedades colectivas - 2. Sociedades colectivas (continuación)- 3. Sociedades colectivas (continuación) - 4. Sociedades colectivas (terminación) - 5. Especulaciones y cuentas o asociaciones en participación - 6. Consignaciones - 7. Ventas a plazos - 8. Seguros - 9. El estado de liquidación - 10. Cuentas del síndico o administrador judicial - 11. Informes sobre realización y liquidación - 12. Interés compuesto y anualidades. Fundamentos - 13. Interés compuesto y anualidades. Aplicaciones en contabilidad - 14. Herencias y administración de bienes - 15. Herencias y administración de bienes (conclusión) - 16. Contabilidad de sucursales - 17. Compañia matrices y subsidiarias - 18. Compañia matrices y subsidiarias (continuación) - 19. Compañia matrices y subsidiarias (continuación) - 20. Compañia matrices y subsidiarias (continuación) - 21. Compañia matrices y subsidiarias (continuación) - 22. Compañia matrices y subsidiarias (continuación) - 23. Compañia matrices y subsidiarias (continuación) - 24. Compañia matrices y subsidiarias (continuación) - 25. Compañia matrices y subsidiarias (continuación) - 26. Compañia matrices y subsidiarias (continuación) - 27. Cambio extranjero - 28. Contabilidad de las corporaciones públicas - Vol.II: Soluciones a los problemasy respuestas a las preguntas.1 aFernández Cepero, Manuel de J.1 aFinney, H.A.1 aMiller, Herbert E.